000 00391nam a2200145Ia 4500
008 240729s9999 xx 000 0 und d
022 _a2075-0528
245 0 _aSultan Qaboos University Medical Journal
260 _aOman
260 _bSultan Qaboos University
650 _aMedicine
856 _uhttps://doaj.org/toc/18f8ea9d6c52426d847b430f4537ac7f
942 _2ddc
942 _cDOAJEJ
999 _c70324
_d70324
945 _a1
_bMadushi Gamage
_c1
_dMadushi Gamage